000 00511nam a22001817a 4500
003 0
005 20160609165317.0
008 100121t xxu||||| |||| 00| 0 eng d
020 _a978-92-5-206029-1
022 _a0081-4539
040 _aBIDOC
_bfr
_cbidoc
110 _aFAO
_92962
245 _aLa situation mondiale des pĂȘches et de l'aquaculture 2008
260 _aRome
_bFAO
_c2009
300 _axvi-194 p.
_bcouv. ill. en coul., ill. en coul.
_c30 cm.
_e1 CD ROM
650 _aPĂȘche
_92963
942 _cLIVR
999 _c46766
_d46766